Elements of statistical inference /
Guardado en:
| Autor Principal: | |
|---|---|
| Formato: | Libro |
| Idioma: | English |
| Publicado: |
Reading, Mass. :
Addison-Wesley,
c1961.
|
| Series: | Addison-Wesley series in statistics
|
| Materias: | |
| Etiquetas: |
Agregar Etiqueta
Sin Etiquetas, Sea el primero en etiquetar este registro!
|
| LEADER | 00674nam a22002051a 4500 | ||
|---|---|---|---|
| 001 | EUN.eunm000113 | ||
| 005 | 20040331171203.0 | ||
| 008 | 840601s1961####maua##########000#0#eng#d | ||
| 010 | |a 61006130 | ||
| 050 | 0 | 0 | |a QA273 |b .K67 |
| 082 | 0 | 4 | |a 519 |2 15 |
| 100 | 1 | |a Kozelka, Robert M. | |
| 245 | 1 | 0 | |a Elements of statistical inference / |c by Robert M. Kozelka. |
| 260 | |a Reading, Mass. : |b Addison-Wesley, |c c1961. | ||
| 300 | |a 150 p. : |b il. ; |c 24 cm. | ||
| 440 | 0 | |a Addison-Wesley series in statistics | |
| 650 | 7 | |a Matemáticas. |2 Unbis | |
| 650 | 7 | |a Probabilidad. |2 Unbis | |
| 650 | 7 | |a Estadísticas matemáticas. |2 Unbis | |
| 859 | |a AR-BaUNS |b BIB. CENTRAL - Sector A |h 519 |i K849 |p 114279/004 | ||
